Podium du Ballon d'Or féminin - Statistiques

Statistiques générales
  • Ce quiz a été pris 37 fois
  • Le résultat moyen est 7 sur 13
Statistiques - réponses
Hint Réponse % Correct
7 Alexia Putellas
100%
11 Aitana Bonmati
97%
1 Ada Hegerberg
86%
4 Megan Rapinoe
80%
6 Alex Morgan
69%
9 Samantha Kerr
57%
13 Caroline Graham Hansen
51%
12 Salma Paralluelo
46%
5 Lucy Bronze
40%
10 Beth Mead
26%
2 Pernille Harder
23%
8 Jennifer Hermoso
20%
3 Dzsenifer Marozsán
17%
Aucun quiz correspondant
Distribution des résultats
% des personnes avec chaque résultat
Percentile par nombre de réponses
Votre historique - résultats
Vous n’avez pas pris ce quiz